000 00726nam a22002417a 4500
003 UA-OsUOA
001 50231
007 ta
008 20071108b un ||||| |||| 00| 0 ukr d
100 _aМарченко М.
090 _a340.12(470+571)
_bМ30
942 _cBK
040 _aUA-OsUOA
_brus
_cUA-OsUOA
_dUA-OsUOA
245 _aПроблемы теории государства и права
300 _a768 с.
955 _a2
041 _arus
080 _a340.12(470+571)
020 _a5-482-01247-6
260 _aМ.
_bПроспект
_c2007
650 7 _a340 Право в цілому. Пропедевтика. Методи та допоміжні правничі науки
_2UDC
999 _c336335
_d336335